| 000 | 00745nam a22002057a 4500 | ||
|---|---|---|---|
| 999 |
_c15584 _d15584 |
||
| 003 | AR-CdUCM | ||
| 008 | 190429b ||||| |||| 00| 0 spad | ||
| 040 |
_aMUNICIPALIDAD PROVINCIAL DEL CUSCO _cBIBLIOTECA MUNICIPAL DEL CUSCO |
||
| 082 |
_aC / 199.85 / _bY49 |
||
| 100 |
_aYépez Miranda, Alfredo _94230 |
||
| 245 | _aLa influencia telúrica en la idea filosófica inca / | ||
| 260 |
_aCuzco : _c1967. |
||
| 300 |
_a11 paginas ; _c30 cm. |
||
| 500 | _aNotas:Separata de la Revista Letras, nº 3. Facultad de Letras y Ciencias Humanas de la Universidad Nacional San Antonio Abad del Cuzco. | ||
| 650 |
_aNotas universitarias _934708 |
||
| 650 |
_aUNSAAC _98726 |
||
| 650 |
_aCusco _9772 |
||
| 942 |
_2ddc _cLIBROS |
||
| 945 |
_awnts _d2019-04-29 |
||